| 000 | 00435nam a2200169Ia 4500 | ||
|---|---|---|---|
| 003 | LK-CoDNM | ||
| 005 | 20240729133642.0 | ||
| 008 | 010623t1924 xxu||||| |||| 00| 1 fra d | ||
| 040 |
_aLK-CoDNM _dLK-CoDNM _eLK-CoDNM |
||
| 041 | _afra | ||
| 080 |
_a14 _bW21 |
||
| 100 | _aReuther,Oscar. | ||
| 245 | _aIndische Palaste und Wohnhauser | ||
| 260 |
_bLeonhard Preiss-Verlag _aBerlin _c1924 |
||
| 300 | _b176p. : ill ; 36 cm | ||
| 942 | _cBK | ||
| 999 |
_c92106 _d92106 |
||